Poistný trh

Saved in:
Bibliographic Details
Main Author: Brokešová, Zuzana, 1985-
Corporate Author: Ekonomická univerzita v Bratislave. Národohospodárska fakulta
Other Authors: Pastoráková, Erika, 1972-, Ondruška, Tomáš, 1988-, Meluchová, Jitka, 1965-, Holecová, Monika
Format: Book
Language:Slovak
Published: Bratislava Vydavateľstvo EKONÓM 2024
Edition:2. prepracované a rozšírené vydanie
Subjects:
Tags: Add Tag
No Tags, Be the first to tag this record!

MARC

LEADER 00000nam a2200000 4500
001 0305063
005 20241205105910.3
020 |a 978-80-225-5172-4 
041 0 |a slo 
044 |a SK 
245 1 0 |a Poistný trh  |c Zuzana Brokešová, Erika Pastoráková, Tomáš Ondruška ; recenzenti: Jitka Meluchová, Monika Holecová 
250 |a 2. prepracované a rozšírené vydanie 
264 1 |a Bratislava  |b Vydavateľstvo EKONÓM  |c 2024 
300 |a 289 s. [14,27 AH] 
610 2 0 |a trh poistný 
610 2 0 |a poisťovne 
610 2 0 |a poisťovníctvo 
610 2 0 |a rovnováha trhová 
610 2 0 |a regulácia trhu 
610 2 0 |a dohľad nad finančným trhom 
610 2 0 |a transparentnosť 
610 2 0 |a informácie asymetrické 
610 2 0 |a cykly hospodárske 
610 2 0 |a ukazovatele 
100 1 |a Brokešová, Zuzana, 1985- 
700 1 |a Pastoráková, Erika, 1972- 
700 1 |a Ondruška, Tomáš, 1988- 
700 1 |a Meluchová, Jitka, 1965- 
700 1 |a Holecová, Monika 
710 2 |a Ekonomická univerzita v Bratislave. Národohospodárska fakulta